Basic concept in software engineering / (Record no. 40827)

MARC details
000 -LEADER
fixed length control field 00777nam a22002057a 4500
005 - DATE AND TIME OF LATEST TRANSACTION
control field 20100811104029.0
010 ## - LCCN (DPL NO)
LC control number ENG-99601
020 ## - INTERNATIONAL STANDARD BOOK NUMBER
International Standard Book Number 9789380060668
Terms of availability 160.00
035 ## - SYSTEM CONTROL NUMBER
System control number EN-83133
037 ## - SOURCE OF ACQUISITION
Source of stock number/acquisition DBAD/PUB
082 ## - DEWEY DECIMAL CLASSIFICATION NUMBER
Classification number 005.1
100 ## - MAIN ENTRY--PERSONAL NAME
Personal name Praba, K. S.
245 ## - TITLE STATEMENT
Title Basic concept in software engineering /
Statement of responsibility, etc by K. S. Praba
260 ## - PUBLICATION, DISTRIBUTION, ETC. (IMPRINT)
Place of publication, distribution, etc Salem
Name of publisher, distributor, etc M. S. K. Publications
Date of publication, distribution, etc 2009
270 ## - ADDRESS
Address 3/189-E, Athanoor Amman Kovil St., Masinayaganpatti-Post, Ayyothiyapattinam
City Salem
Postal code 636103
300 ## - PHYSICAL DESCRIPTION
Extent 107p.
Dimensions 20cm (pbk)
650 ## - SUBJECT ADDED ENTRY--TOPICAL TERM
Topical term or geographic name as entry element Software Engineering
942 ## - ADDED ENTRY ELEMENTS (KOHA)
Source of classification or shelving scheme Dewey Decimal Classification
Item type English Books
Classification part 005.1
Call number suffix PRA
Holdings
Withdrawn status Lost status Not for loan Collection code Home library Current library Date acquired Source of acquisition Cost, normal purchase price Full call number Barcode Copy number Cost, replacement price Koha item type
    Not For Loan Non-fiction D.B.Act.Division D.B.Act.Division 11/08/2010 DBAD/PUB 160.00 005.1 PRA EN-83133 1 160.00 English Books

© Delhi Public Library
Hit Counter
free hit counter